000 01522nam a2200337 a 4500
001 000024206
003 DO-SdBNP
005 20251029134809.0
008 110120s1970 ve r 000 e spa d
040 _aDO-SdBNP
_bspa
_cBNPHU
041 1 7 _agem
_hspa
_2Código de idioma MARC
049 _aBNGR
082 4 _a305.55
_bP742i
_222
245 0 0 _aPoder e impotencia de los intelectuales :
_bensayos /
_cKurt Hoffman...[et al.];Versión castellana, Willy Kemp.
260 _aCaracas, (Venezuela) :
_bMonte Avila Editores,
_c1970.
300 _a196 p. ;
_c20 cm.
490 1 _aPrisma
505 0 _tLa aparición de los intelectuales en la historia /
_rGolo Mann
_tLas criaturas que preocupan a la iglesia /
_rWalter Dirks
_tLos ideólogos de la revolución /
_rWalter Laqueur
_tImpotencia y poder de los intelectuales en el mundo socialista /
_rErnst Fischer
_tEl engagement de Jean-Paul Sartre /
_rJean Amery
_tHigh Brown y cabezas de huevo /
_rAnthony Hartley
_tLos intelectuales de América /
_rHerbert Von Borch
_tLos intelectuales y los tabúes / Carl Amery
_rCarl Amery
_tLos autores de este libro
650 4 _aIntelectuales
_xAspectos sociales
_943821
650 0 _aVida intelectual
_9333
700 1 _aWalter Dirks
_949714
700 1 _aWalter Laqueur
_949715
700 1 _aErnst Fischer
_949716
700 1 _aJean Amery
_949717
700 1 _aAnthony Hartley
_949718
700 1 _aHerbert Von Borch
_949719
700 1 _aCarl Amery
_949720
700 1 _aKemp, Willy
_943830
830 0 _aPrisma
_93770
942 _2ddc
_cLBS1
999 _c23700
_d23700